[Event "Manizales Feria op 29th"]
[Site "Manizales"]
[Date "2024.01.07"]
[Round "5"]
[White "Zuluaga, Libaniel"]
[Black "Montenegro, Jorge"]
[Result "0-1"]
[WhiteElo "1645"]
[BlackElo "1450"]
[PlyCount "22"]
[EventDate "2024.01.05"]
[EventType "swiss"]
[EventRounds "7"]
[EventCountry "COL"]
[SourceTitle "CB02_2024"]
[SourceDate "2024.01.10"]
[SourceVersion "1"]
[SourceVersionDate "2024.01.10"]
[SourceQuality "1"]

1. e4 d6 2. d4 Nf6 3. Bd3 g6 4. Bg5 Bg7 5. Nc3 0-0 6. f4 c5 7. d5 Nbd7 8. Nge2 Qc7 9. h3 c4 10. Bxf6 Nxf6 11. e5 dxe5 0-1

[Event "Cali op-C 11th"]
[Site "Cali"]
[Date "2009.12.28"]
[Round "5.4"]
[White "Montenegro, Jorge"]
[Black "Zuluaga Alzate, Gustavo"]
[Result "1-0"]
[WhiteElo "1600"]
[BlackElo "1664"]
[PlyCount "55"]
[EventDate "2009.12.26"]
[EventType "swiss"]
[EventRounds "8"]
[EventCountry "COL"]
[SourceTitle "EXT 2024"]
[Source "ChessBase"]
[SourceDate "2023.10.10"]
[SourceVersion "1"]
[SourceVersionDate "2023.10.10"]
[SourceQuality "1"]

1. e4 e5 2. d4 exd4 3. Qxd4 Nc6 4. Qe3 d6 5. Nc3 Nf6 6. h3 Be7 7. Bd2 h5 8. f4 g6 9. Nf3 Be6 10. Ng5 Qd7 11. 0-0-0 Nh7 12. Nf3 0-0-0 13. Be1 Kb8 14. Bf2 a6 15. Nd5 Rhe8 16. Qa3 Bxd5 17. exd5 Na7 18. Bxa6 bxa6 19. Qxa6 c5 20. dxc6 Nxc6 21. Rd3 Nb4 22. Rb3 d5 23. Ne5 Qb7 24. Nc6+ Kc7 25. Qxb7+ Kxb7 26. Nxd8+ Rxd8 27. Be1 Kc7 28. Bxb4 1-0